Vysočina - toulky přírodou = Vysočina - Unterwegs in der Natur = Vysočina - Wandering the countryside /

Main Author: Kunc, Vladimír, 1955-
Other Authors: Tajovský, Miloš, 1956-
Language: German
Czech
English
Published: Havlíčkův Brod : Fotoateliér Video-foto-Kunc, 2012
Edition: 1. vyd.
Subjects:
Physical Description: 135 s. : barev. il., erby ; 33 cm
Language note: Souběžný anglický a německý text
Book
Saved in:
LEADER 02196nam a2200553 a 4500
001 nkc20122432963
003 CZ PrNK
005 20130204074538.0
007 ta
008 121214s2012 xr ai e f 000 0 cze
015 |a cnb002432963 
020 |a 978-80-904653-8-1  |q (váz.) 
035 |a (OCoLC)827262668 
040 |a BOA001  |b cze  |d ABA001 
041 1 |a cze  |a eng  |a ger  |h cze 
043 |a e-xr---  |b e-xr-cc  |2 czenas 
072 7 |a 502  |x Životní prostředí a jeho ochrana  |2 Konspekt  |9 2 
080 |a 502.21(1-751.3)  |2 MRF 
080 |a 502.2:338.483.11  |2 MRF 
080 |a 502.21(1-751.4)  |2 MRF 
080 |a 502.2  |2 MRF 
080 |a (437.3-191.2)  |2 MRF 
080 |a (084.12)  |2 MRF 
100 1 |a Kunc, Vladimír,  |d 1955-  |7 xx0027250  |4 pht 
245 1 0 |a Vysočina - toulky přírodou =  |b Vysočina - Unterwegs in der Natur = Vysočina - Wandering the countryside /  |c [fotografie] Vladimír Kunc ; [úvodní slovo Miloš Tajovský] 
246 3 |a Toulky přírodou - Vysočina 
246 3 1 |a Vysočina - Unterwegs in der Natur 
246 3 1 |a Vysočina - Wandering the countryside 
250 |a 1. vyd. 
260 |a Havlíčkův Brod :  |b Fotoateliér Video-foto-Kunc,  |c 2012 
300 |a 135 s. :  |b barev. il., erby ;  |c 33 cm 
546 |a Souběžný anglický a německý text 
650 0 7 |a přírodní památky  |7 ph137870  |z Česko  |2 czenas 
650 0 7 |a přírodní zajímavosti  |7 ph137777  |z Česko  |2 czenas 
650 0 7 |a přírodní rezervace  |7 ph124936  |z Česko  |2 czenas 
650 0 9 |a natural monuments  |z Czechia  |2 eczenas 
650 0 9 |a natural sights  |z Czechia  |2 eczenas 
650 0 9 |a nature reserves  |z Czechia  |2 eczenas 
655 7 |a fotografické publikace  |7 fd132276  |2 czenas 
655 9 |a photographical works  |2 eczenas 
651 7 |a Českomoravská vrchovina (Česko)  |7 ge128620  |x přírodní poměry  |2 czenas 
651 9 |a Českomoravská vrchovina (Czechia)  |x natural conditions  |2 eczenas 
700 1 |a Tajovský, Miloš,  |d 1956-  |7 ola2002106695  |4 wfw 
910 2 |a BOA001  |b 4-1296.492 
928 9 |a Video-foto-Kunc 
990 |a BK 
995 |a 01 
991 |b 201301  |c NOV  |e n 
996 6 |b 2610531334  |c 4-1296.492  |l MZK  |r Sklad / do 1 hodiny  |n 2  |p p.v.  |w 001306613  |u 000010  |a 1  |e BOA001  |j MZK50  |s P